MyGZULibrary

Myth, literature, and the African world / (Record no. 6088)

MARC details
000 -LEADER
fixed length control field 00868cam a2200277 i 4500
001 - CONTROL NUMBER
control field 1273306
003 - CONTROL NUMBER IDENTIFIER
control field GZU
005 - DATE AND TIME OF LATEST TRANSACTION
control field 20210415121434.0
008 - FIXED-LENGTH DATA ELEMENTS--GENERAL INFORMATION
fixed length control field 751121s1976 mau b 001 0 eng
010 ## - LIBRARY OF CONGRESS CONTROL NUMBER
LC control number 75038184
020 ## - INTERNATIONAL STANDARD BOOK NUMBER
International Standard Book Number 0521211905 :
Terms of availability $13.50
040 ## - CATALOGING SOURCE
Original cataloging agency DLC
Transcribing agency DLC
Modifying agency DLC
043 ## - GEOGRAPHIC AREA CODE
Geographic area code f------
050 00 - LIBRARY OF CONGRESS CALL NUMBER
Classification number PL8010
Item number .S64
082 00 - DEWEY DECIMAL CLASSIFICATION NUMBER
Classification number 896
100 1# - MAIN ENTRY--PERSONAL NAME
Personal name Soyinka, Wole.
245 10 - TITLE STATEMENT
Title Myth, literature, and the African world /
Statement of responsibility, etc. Wole Soyinka.
260 ## - PUBLICATION, DISTRIBUTION, ETC.
Place of publication, distribution, etc. Cambridge ;
-- New York :
Name of publisher, distributor, etc. Cambridge University Press,
Date of publication, distribution, etc. 1976.
300 ## - PHYSICAL DESCRIPTION
Extent xii, 168 p. ;
Dimensions 21 cm.
504 ## - BIBLIOGRAPHY, ETC. NOTE
Bibliography, etc. note Includes bibliographical references and index.
650 #0 - SUBJECT ADDED ENTRY--TOPICAL TERM
Topical term or geographic name entry element African literature
General subdivision History and criticism.
650 #0 - SUBJECT ADDED ENTRY--TOPICAL TERM
Topical term or geographic name entry element Literature and society
Geographic subdivision Africa.
651 #0 - SUBJECT ADDED ENTRY--GEOGRAPHIC NAME
Geographic name Africa
General subdivision Civilization.
906 ## - LOCAL DATA ELEMENT F, LDF (RLIN)
a 7
b cbc
c orignew
d 1
e ocip
f 19
g y-gencatlg
942 ## - ADDED ENTRY ELEMENTS (KOHA)
Source of classification or shelving scheme Library of Congress Classification
Koha item type Books
Classification part 8010
Item part SON
Call number prefix PL
Call number suffix 1976
Holdings
Withdrawn status Lost status Damaged status Not for loan Collection code Home library Current library Shelving location Date acquired Total Checkouts Full call number Barcode Date last seen Copy number Price effective from Koha item type Source of classification or shelving scheme
        Non-fiction City Campus Library City Campus Library General Stacks 04/15/2021   PL8010 SOY 1976 G21661 04/15/2021 c.1 04/15/2021 Books  
        Non-fiction Mashava Campus Library Mashava Campus Library General Stacks 05/27/2021   PL 8610 SOY 1976 G194680 05/27/2021 c. 2 05/27/2021 Books Library of Congress Classification